000 02082nam a22002537a 4500
003 Uzh_bibl
008 260219b |||||||| |||| 00| 0 ukr d
020 _a978-966-577-139-5
_c383.15
040 _bукр.
041 _2ukr
_aukr
080 _a908
090 _a908
_bМ18
100 _aМалаков, Дмитро
245 _aМальовнича Україна
_cРед. А.Л.Вакуленко, Л.С.Горпинич
_hТекст
260 _aКиїв
_b"Мистецтво"
_c2011
300 _a336 с.
_bіл.
_fВ опр.
520 _aАльбом розповідає про багатовікову культуру та мальовничу природу держави Україна. Храми і монастирі, замки і фортеці, палаци і маєтки та сучасні споруди характеризують творчий злет народних майстрів і професійних митців, які від часів Київської Русі до сьогодення створили неоціненну спадщину нашого народу. Видання знайомить із різноманітними чарівними куточками всіх регіонів країни - від Карпатських гір на заході до донецьких степів на сході, від відголубоплесого озерного Полісся на півночі до сонячних берегів Криму й Одеси на півдні альбом зачарує кожного читача неповторною к4расою природи України, її давніми архітектурними пам'ятками і новобудовами.
521 _aДля широкого кола читачів
546 _aукр.
_bангл.
650 _aМистецьке видання
653 _aЗамки
_aФортеці
_aПалаци
_aМаєтки
655 _aМистецька література
_vАльбом
942 _2udc
_cBK
999 _c16834
_d16834